[Event "Montigny le Bretonneux op 20th"]
[Site "Montigny le Bretonneux"]
[Date "2022.10.23"]
[Round "2"]
[White "Benard, Franck"]
[Black "Montay, Jean Paul"]
[Result "1-0"]
[WhiteElo "1365"]
[BlackElo "1229"]
[PlyCount "84"]
[EventDate "2022.10.22"]
[EventType "swiss"]
[EventRounds "9"]
[EventCountry "FRA"]
[SourceTitle "EXT 2024"]
[Source "ChessBase"]
[SourceDate "2023.10.10"]
[SourceVersion "1"]
[SourceVersionDate "2023.10.10"]
[SourceQuality "1"]

1. e4 e5 2. Nf3 Nc6 3. Nc3 Nf6 4. d3 h6 5. g3 d5 6. exd5 Nxd5 7. Bd2 Be7 8. Bg2 Be6 9. 0-0 0-0 10. Qc1 Bg5 11. Nxg5 hxg5 12. Bxg5 f6 13. Bd2 Nd4 14. Qd1 Qd7 15. Nxd5 Bxd5 16. Bxd5+ Qxd5 17. f4 e4 18. dxe4 Qxe4 19. Rf2 Rfe8 20. Rg2 Rad8 21. Rc1 Ne2+ 22. Rxe2 Qxe2 23. Qxe2 Rxe2 24. Bc3 c5 25. a3 Rd5 26. h4 g5 27. Kf1 Re6 28. hxg5 fxg5 29. Kf2 gxf4 30. gxf4 Kf7 31. Rh1 Ke8 32. Kf3 Rd7 33. Rh8+ Kf7 34. Rh7+ Ke8 35. Rh8+ Kf7 36. f5 Re8 37. Rh7+ Kf8 38. Rxd7 Re7 39. Rxe7 Kxe7 40. Ke4 b5 41. Kd5 c4 42. f6+ Kf7 1-0